Taxonomy of angiosperms / (Record no. 53289)
[ view plain ]
| 000 -LEADER | |
|---|---|
| fixed length control field | 00702nam a2200253 a 4500 |
| 001 - CONTROL NUMBER | |
| control field | 53289 |
| 003 - CONTROL NUMBER IDENTIFIER | |
| rucl marc code | BD-RjUL |
| 005 - DATE AND TIME OF LATEST TRANSACTION | |
| control field | 20211209075935.0 |
| 008 - FIXED-LENGTH DATA ELEMENTS--GENERAL INFORMATION | |
| fixed length control field | 161004s2005 ii a b 00110 eng d |
| 020 ## - INTERNATIONAL STANDARD BOOK NUMBER | |
| International Standard Book Number | 0706907647 |
| 035 ## - SYSTEM CONTROL NUMBER | |
| System control number | (BD-RjUL)53409 |
| System control number | 1627964 |
| 040 ## - CATALOGING SOURCE | |
| Original cataloging agency | ANL |
| Transcribing agency | ANL |
| Modifying agency | ANL |
| Language of cataloging | eng |
| 041 ## - LANGUAGE CODE | |
| Language code of text/sound track or separate title | eng |
| 082 0# - DEWEY DECIMAL CLASSIFICATION NUMBER | |
| Classification number | 580 |
| Edition number | 19 |
| Author mark and year | SAT 2005 |
| 100 1# - MAIN ENTRY--PERSONAL NAME | |
| Personal name | Sambamurty, A V S S |
| 9 (RLIN) | 159046 |
| 245 10 - TITLE STATEMENT | |
| Title | Taxonomy of angiosperms / |
| Statement of responsibility, etc. | A V S S Sambamurty |
| 260 ## - PUBLICATION, DISTRIBUTION, ETC. (IMPRINT) | |
| Place of publication, distribution, etc. | New Delhi : |
| Name of publisher, distributor, etc. | Vikas Publishing House, |
| Date of publication, distribution, etc. | 2005 |
| 300 ## - PHYSICAL DESCRIPTION | |
| Pagination | xv, 892 p. : |
| Illustrations | ill. ; |
| Size | 25 cm. |
| 500 ## - GENERAL NOTE | |
| General note | Includes indexes. |
| 650 #0 - SUBJECT ADDED ENTRY--TOPICAL TERM | |
| Topical term or geographic name as entry element | Angiosperms |
| 9 (RLIN) | 147614 |
| Topical term or geographic name as entry element | Plants |
| Form subdivision | Classification. |
| 9 (RLIN) | 159285 |
| 942 ## - ADDED ENTRY ELEMENTS (KOHA) | |
| Source of classification or shelving scheme | Dewey Decimal Classification |
| Koha item type | Books |
| Lost status | Source of classification or shelving scheme | Damaged status | Not for loan | Collection code | Permanent Location | Current Location | Shelving location | Date acquired | Source of acquisition | Cost, normal purchase price | Total Checkouts | Full call number | Date last seen | Date checked out | Copy number | Koha item type |
|---|---|---|---|---|---|---|---|---|---|---|---|---|---|---|---|---|
| Dewey Decimal Classification | Non-fiction | Central Library, University of Rajshahi | Central Library, University of Rajshahi | 10/07/2008 | Paragon Enterprises Dhaka | 295.00 | 4 | 580 SAT 2005 | 19/03/2024 | 10/03/2024 | C-2 | Books |